000
003550000a22001570004500
060
_a
100
082
_a
552 NOC
100
_a
Nockolds S R, Knox
100
_a
Oib R W, Eiti Chinner G A
245
_a
Petrology :for students
260
_a
London, Cambridge University Press
260
_c
1978
300
_a
435
650
_a
Petrology
942
_c
BK
999
_c
351568
_d
351568